banner-ar

الشعب الفلسطينى فى الداخل: خلفيات الانتفاضة السياسة والاقصادية والختماعية / (Record no. 53560)

MARC details
000 -الفاتح
حقل البيانات ثابتة الطول 00702nam a2200193Ia 4500
008 - عناصر البيانات ثابتة الطول - معلومات عامة
حقل البيانات ثابتة الطول 140319s9999 xx 000 0 ara d
040 ## - مصدر الفهرسة
وكالة الفهرسة الأصلية GCL /
وكالة النسخ GCL
082 04 - رقم تصنيف ديوى العشرى
رقم التصنيف 956.905
رقم المادة ك ش
100 1# - المدخل الرئيسى - إسم شخصى
الإسم الشخصى كميل منصور
245 10 - بيان العنوان
العنوان الشعب الفلسطينى فى الداخل: خلفيات الانتفاضة السياسة والاقصادية والختماعية /
بيان المسئوليه,etc كميل منصور
300 ## - الوصف المادى
التعداد 417
490 ## - بيان السلسلة
عنوان السلسلة
650 04 - المدخل الاضافى بالموضوع-مصطلح موضوعى
مصطلح موضوعي النزاع العربى الاسرائيلى
650 04 - المدخل الاضافى بالموضوع-مصطلح موضوعى
مصطلح موضوعي القضية الفلسطينية
650 04 - المدخل الاضافى بالموضوع-مصطلح موضوعى
مصطلح موضوعي الانتفاضة الفلسطينية
942 ## - عناصر المدخل الإضافي( كوها)
مصدر التصنيف او مخطط الترفيف Dewey Decimal Classification
Koha [default] item type كتاب
260 ## - PUBLICATION, DISTRIBUTION, ETC. (IMPRINT)
-- [S.N] :
-- مؤسسة الدراسات الفلسطينية
Holdings
حالة التراجع حالة الفقد حالة تلف ليس للاعارة المكان المؤقت الموقع الحالى تاريخ الاكتساب اجمالي اﻻعارات رقم الطلب الباركود تاريخ اخر مشاهدة تاريخ تفعيل السعر نوع وعاء كوها
        مكتبة القاهرة الكبرى مكتبة القاهرة الكبرى 03/26/2014   956.905\ك ش 128516 03/26/2014 03/26/2014 كتاب

Powered By

EGPV